Public management reform in the Gulf Cooperation Council and beyond (Record no. 34135)
[ view plain ]
| 000 -LEADER | |
|---|---|
| fixed length control field | 00738nam a2200181Ia 4500 |
| 020 ## - INTERNATIONAL STANDARD BOOK NUMBER | |
| ISBN | 9780765621207 |
| 050 ## - CALL MARK | |
| Classification number | JQ 1850 .A58 .B59/ |
| 100 ## - STATEMENT OF RESPONSIBILITY--MAIN AUTHOR NAME | |
| Personal name | Biygautane, Mhamed |
| 245 #0 - TITLE STATEMENT | |
| Title | Public management reform in the Gulf Cooperation Council and beyond |
| 260 ## - PUBLICATION, DISTRIBUTION, ETC. (IMPRINT) | |
| Place of publication | New York |
| 260 ## - PUBLICATION, DISTRIBUTION, ETC. (IMPRINT) | |
| Name of publisher | Routledge |
| 260 ## - PUBLICATION, DISTRIBUTION, ETC. (IMPRINT) | |
| Year of publication | 2023 |
| 300 ## - PHYSICAL DESCRIPTION | |
| Number of Pages | 316 p |
| 650 ## - SUBJECT ADDED ENTRY--TOPICAL TERM | |
| Topical Term | Gulf Cooperation Council--Case studies. Public administration--Arab countries--Case studies. Public-private sector cooperation--Arab Countries--Case studies. Human capital--Arab Countries--Case studies. Arab Countries--Economic conditions. Arab countries--Politics and government--1945- |
| 942 ## - ADDED ENTRY ELEMENTS (KOHA) | |
| Koha item type | Books |
| Withdrawn status | Lost status | Source of classification or shelving scheme | Damaged status | Not for loan | Permanent Location | Current Location | Shelving location | Date acquired | Accession Number | Price effective from | Koha item type |
|---|---|---|---|---|---|---|---|---|---|---|---|
| Library of Congress Classification | NILE UNIVERSITY OF NIGERIA - MAIN LIBRARY | NILE UNIVERSITY OF NIGERIA - MAIN LIBRARY | Items on shelf | 04/23/2025 | 0197674 | 04/23/2025 | Books |